MLB Fastest Pitches - Statistics

General Stats
  • This quiz has been taken 31 times
  • The average score is 5 of 15
Answer Stats
Hint Answer % Correct
105.8/CIN Aroldis Chapman
100%
105.5/LAA Ben Joyce
70%
103/CLE Emmanuel Clase
57%
105/STL Jordan Hicks
57%
103.8/OAK Mason Miller
52%
104.8/MIN Jhoan Duran
48%
104.6/SF Camilo Doval
35%
104.2/STL Ryan Helsley
30%
103/WAS Henry Rodriguez
17%
103/ARI Justin Martinez
17%
104.8/DET Joel Zumaya
9%
104/MIA Tayron Guerrero
9%
102.8/KC Yordano Ventura
9%
103/DET Bruce Rondon
4%
103.8/ATL Mauricio Cabrera
4%
No matching quizzes found
Score Distribution
Percent of People with Each Score
Percentile by Number Answered
Your Score History
You have not taken this quiz